Los imposibles /
Guardado en:
| Autor Principal: | |
|---|---|
| Otros Autores: | |
| Formato: | Libro |
| Publicado: |
Buenos Aires :
Sudamericana,
2002.
|
| Edición: | 12a ed. |
| Series: | Pan Flauta. Azul. Humor / Gigliola Zecchin de Duhalde
|
| Materias: | |
| Etiquetas: |
Agregar Etiqueta
Sin Etiquetas, Sea el primero en etiquetar este registro!
|
| LEADER | 01051nam a22002655a 4500 | ||
|---|---|---|---|
| 001 | CEM.cems019970 | ||
| 008 | 230410s2002##################000#0#####d | ||
| 005 | 20230410113644.0 | ||
| 245 | 1 | 0 | |a Los imposibles / |c Ema Wolf ; ilustrado por Jorge Sanzol. |
| 250 | |a 12a ed. | ||
| 260 | |a Buenos Aires : |b Sudamericana, |c 2002. | ||
| 300 | |a 44 p. | ||
| 490 | 0 | |a Pan Flauta. Azul. Humor / Gigliola Zecchin de Duhalde | |
| 500 | |a Canela seudónimo de Gigliola Zecchin de Duhalde. | ||
| 505 | 0 | |a El señor Lanari -- La familia invisible -- La sombra del conejo Ricur -- Carta de Drácula a su tía -- La nona Insulina -- La oveja 99 -- La cuenta de los cangrejos -- El centauro indeciso -- La gallina aeronauta -- El maldito mejillón | |
| 020 | |a 9500719231 | ||
| 100 | 1 | |a Wolf, Ema. | |
| 700 | 1 | |a Sanzol, Jorge; il. | |
| 082 | 0 | 4 | |a A868.4 |
| 653 | |a Literatura | ||
| 653 | |a Literatura Argentina | ||
| 653 | |a Literatura infantil | ||
| 653 | |a Cuentos | ||
| 653 | |a Cuento infantil | ||
| 859 | |a CEMS |b BIB. CEMS - Inicial y Primaria |h A861.4 |i W831-1 |k IP |p 1986 |t Ej.1 | ||
